000 01080nam0a22002771 4500
001 rc\3058530
005 20250806202526.0
035 _a(NLR Aleph) 007197490
090 _a51073
_c51073
100 _a20111013d1944 u y0rusy50 ca
101 0 _arus
102 _aRU
105 _ay j |||||
200 1 _aВысшая алгебра
_eДопущено ВКВШ при СНК СССР в качестве учебника для физ.-мат. фак. ун-тов и педвузов
_fЛ.Я. Окунев
205 _a3-е изд., перераб.
210 _aМосква
_aЛенинград
_cГостехиздат
_d1944
_eМосква
_g16-я тип. треста "Полиграфкнига"
215 _a292 с.
_d22 см
320 _aБиблиогр.: с. 292
700 1 _aОкунев
_bЛ.Я.
_f1905-
_gЛеопольд Яковлевич
801 0 _aRU
_bNLR
_gpsbo
801 1 _aRU
_bELAR
_2rusmarc
852 _aNLR
_jМт02 Г-5/45
942 _cBOOK
945 _aРоссийская национальная библиотека
980 _aNB
980 _aBV